Countries Closest to Estonia - 30 Second Sprint - Statistics

General Stats
  • This quiz has been taken 81 times
  • The average score is 13 of 20
Answer Stats
km country % Correct
47 Finland
97%
0 Latvia
95%
152 Lithuania
95%
0 Russia
95%
150 Sweden
95%
157 Belarus
85%
554 Norway
85%
396 Poland
80%
622 Ukraine
79%
636 Germany
74%
523 Denmark
64%
1013 Moldova
51%
890 Czechia
49%
939 Slovakia
49%
1041 Hungary
43%
1030 Romania
41%
1076 Austria
28%
1067 Netherlands
23%
1288 Slovenia
21%
1283 Belgium
15%
No matching quizzes found
Score Distribution
Percent of People with Each Score
Percentile by Number Answered
Your Score History
You have not taken this quiz